<?xml version="1.0" encoding="UTF-8"?>
<record
    xmlns:xsi="http://www.w3.org/2001/XMLSchema-instance"
    xsi:schemaLocation="http://www.loc.gov/MARC21/slim http://www.loc.gov/standards/marcxml/schema/MARC21slim.xsd"
    xmlns="http://www.loc.gov/MARC21/slim">

  <leader>01161nam a2200277 a 4500</leader>
  <controlfield tag="001">505</controlfield>
  <controlfield tag="003">BR-CuiBMT</controlfield>
  <controlfield tag="005">20231108151114.0</controlfield>
  <controlfield tag="008">231108s2002    spba          000 0 por d</controlfield>
  <datafield tag="020" ind1=" " ind2=" ">
    <subfield code="a">8574533343</subfield>
  </datafield>
  <datafield tag="040" ind1=" " ind2=" ">
    <subfield code="a">BR-CuiBMT</subfield>
    <subfield code="c">BR-CuiBMT</subfield>
  </datafield>
  <datafield tag="080" ind1=" " ind2=" ">
    <subfield code="2">2007</subfield>
    <subfield code="a">351.72</subfield>
  </datafield>
  <datafield tag="090" ind1=" " ind2=" ">
    <subfield code="a">351.72</subfield>
    <subfield code="b">A474l</subfield>
    <subfield code="c">4. ed.</subfield>
  </datafield>
  <datafield tag="100" ind1="1" ind2=" ">
    <subfield code="a">Alves, Benedito Ant&#xF4;nio</subfield>
  </datafield>
  <datafield tag="245" ind1="1" ind2="0">
    <subfield code="a">Lei de responsabilidade fiscal comentada e anotada /</subfield>
    <subfield code="c">Benedito Ant&#xF4;nio Alves, Sebasti&#xE3;o Edilson R. Gomes, Ant&#xF4;nio Geraldo Affonso.</subfield>
  </datafield>
  <datafield tag="250" ind1=" " ind2=" ">
    <subfield code="a">4. ed., rev. e aum.</subfield>
  </datafield>
  <datafield tag="260" ind1=" " ind2=" ">
    <subfield code="a">S&#xE3;o Paulo :</subfield>
    <subfield code="b">Juarez de Oliveira,</subfield>
    <subfield code="c">2002.</subfield>
  </datafield>
  <datafield tag="300" ind1=" " ind2=" ">
    <subfield code="a">329 p :</subfield>
    <subfield code="b">il. ;</subfield>
    <subfield code="c">21 cm</subfield>
  </datafield>
  <datafield tag="500" ind1=" " ind2=" ">
    <subfield code="a">Edi&#xE7;&#xE3;o acrescida de roteiro anual para cumprimento da Lei de reponsabilidade fiscal junto aos Tribunais de Contas, bem como dos textos legais: Lei n. 1.079/50, Decreto-lei n. 201/67, Lei n. 8.429/92.</subfield>
  </datafield>
  <datafield tag="650" ind1=" " ind2=" ">
    <subfield code="a">Lei de responsabilidade fiscal</subfield>
    <subfield code="z">Brasil</subfield>
  </datafield>
  <datafield tag="650" ind1=" " ind2=" ">
    <subfield code="a">Administra&#xE7;&#xE3;o p&#xFA;blica </subfield>
    <subfield code="x">Responsabilidade tribut&#xE1;ria</subfield>
    <subfield code="z">Brasil</subfield>
  </datafield>
  <datafield tag="650" ind1=" " ind2=" ">
    <subfield code="a">Execu&#xE7;&#xE3;o or&#xE7;ament&#xE1;ria </subfield>
    <subfield code="v">Legisla&#xE7;&#xE3;o </subfield>
    <subfield code="z">Brasil</subfield>
  </datafield>
  <datafield tag="700" ind1="1" ind2=" ">
    <subfield code="a">Affonso, Ant&#xF4;nio Geraldo</subfield>
  </datafield>
  <datafield tag="700" ind1="1" ind2=" ">
    <subfield code="a">Gomes, Sebasti&#xE3;o Edilson Rodrigues</subfield>
  </datafield>
  <datafield tag="942" ind1=" " ind2=" ">
    <subfield code="2">udc</subfield>
    <subfield code="c">LV</subfield>
  </datafield>
  <datafield tag="952" ind1=" " ind2=" ">
    <subfield code="0">0</subfield>
    <subfield code="1">0</subfield>
    <subfield code="2">udc</subfield>
    <subfield code="4">0</subfield>
    <subfield code="7">0</subfield>
    <subfield code="a">BIBTCEMT</subfield>
    <subfield code="b">BIBTCEMT</subfield>
    <subfield code="d">2023-11-08</subfield>
    <subfield code="l">0</subfield>
    <subfield code="o">351.72 A474l 4. ed.</subfield>
    <subfield code="p">BIBTCEMT23110266</subfield>
    <subfield code="r">2023-11-08</subfield>
    <subfield code="t">Ex. 1</subfield>
    <subfield code="w">2023-11-08</subfield>
    <subfield code="y">LV</subfield>
  </datafield>
  <datafield tag="999" ind1=" " ind2=" ">
    <subfield code="c">505</subfield>
    <subfield code="d">505</subfield>
  </datafield>
</record>
